Statistics for Where the first dinosaur fossils were found part 3

Click here to take the quiz!

General Stats

  • This quiz has been taken 13 times
  • The average score is 11 of 15

Answer Stats

HintAnswer% Correct
MonolophosaurusChina
100%
BaryonyxUK
100%
WendyceratopsCanada
90%
StyracosaurusCanada
90%
TarbosaurusMongolia
90%
AlioramusMongolia
90%
OviraptorMongolia
90%
HerrerasaurusArgentina
80%
CarcharodontosaurusAlgeria
70%
MasiakasaurusMadagascar
70%
TitanoboaColombia
60%
StygimolochsNorth America
60%
ShringasaurusIndia
50%
CompsognaphusEurope
30%
GalimimusGobi desert
20%

Score Distribution

Percentile by Number Answered

Percent of People with Each Score

Your Score History

You have not taken this quiz